000 00372nam a22001337a 4500
008 211025b ||||| |||| 00| 0 eng d
020 _a9789355011725
050 _a510
_b1
100 _aSharma Bhagwat Swarup
_97515
245 _aQuestion Bank Mathematics CBSE , Class-10th , Term -1
260 _aNew Delhi
_bS Chand School Books
_c2022
300 _a1
942 _2ddc
_cBK
999 _c11846
_d11846